[Event "Team men HL chess"]
[Site "?"]
[Date "2015.05.07"]
[Round "7.8"]
[White "Skomorokhin, Vadim"]
[Black "Khoroshilov, Nikita"]
[Result "0-1"]
[WhiteElo "2342"]
[BlackElo "2263"]
[PlyCount "120"]
[EventDate "2015.05.01"]

1. d4 g6 2. e4 d6 3. Nf3 Bg7 4. Nbd2 Nf6 5. Bd3 O-O 6. O-O Nbd7 7. a4 e5 8.
dxe5 dxe5 9. Nc4 Re8 10. Qe2 Nh5 11. g3 Nc5 12. b4 Nxd3 13. cxd3 Bg4 14. Bb2 f5
15. Ne3 Bh3 16. exf5 Bxf1 17. Rxf1 e4 18. dxe4 Rxe4 19. fxg6 hxg6 20. Qc2 Rxb4
21. Bxg7 Nxg7 22. Qxg6 Qe8 23. Qg5 Qh5 24. Qe7 Rb6 25. Nh4 Rc6 26. Rb1 Rb8 27.
Qa3 b6 28. Rb5 Rc5 29. Rb4 Qf7 30. Rf4 Qe6 31. Qd3 Rf8 32. Re4 Qc6 33. f3 Rc1+
34. Kg2 Rc3 35. Qb1 Re8 36. Qa2+ Kh7 37. Rxe8 Qxe8 38. Nd5 Rc6 39. g4 Qe1 40.
Nf5 Nxf5 41. gxf5 Qc1 42. Nb4 Qg5+ 43. Kf1 Rc1+ 44. Ke2 Qg2+ 45. Ke3 Rc3+ 46.
Kd4 Qg7+ 47. Ke4 Qe7+ 48. Kf4 Qh4+ 49. Ke5 Re3+ 50. Kd5 Qxb4 51. Kc6 Qe7 52.
Qg2 Qc5+ 53. Kb7 Qd5+ 54. Kxa7 Qxf5 55. Qg3 c5 56. Kxb6 Qe6+ 57. Ka5 c4 58.
Qh4+ Kg6 59. Qg3+ Kf6 60. Qh4+ Ke5 0-1

[Event "Team men HL chess"]
[Site "?"]
[Date "2015.05.07"]
[Round "7.9"]
[White "Grishchenko, Sergey"]
[Black "Smirnov, Alexey"]
[Result "1-0"]
[WhiteElo "2441"]
[BlackElo "2482"]
[PlyCount "69"]
[EventDate "2015.05.01"]

1. d4 Nf6 2. c4 e6 3. Nc3 d5 4. cxd5 exd5 5. Bg5 Be7 6. e3 Nbd7 7. Bd3 c6 8.
Nge2 Nh5 9. Bxe7 Qxe7 10. g4 Nhf6 11. Ng3 O-O 12. Qf3 Nb6 13. g5 Ne8 14. h4 f5
15. Nh5 a5 16. Rg1 a4 17. a3 Be6 18. O-O-O Nd6 19. Nf6+ Kh8 20. Nxh7 Kxh7 21.
Qh5+ Kg8 22. Ne2 Nbc4 23. Nf4 Qe8 24. g6 Rf6 25. Qh7+ Kf8 26. h5 Bg8 27. Qh8
Qd8 28. h6 gxh6 29. Nh5 Ne8 30. Qxh6+ Ke7 31. Qh8 Kf8 32. Rg5 Ncd6 33. Rh1 Qe7
34. g7+ Kf7 35. Nf4 1-0

[Event "Team men HL chess"]
[Site "?"]
[Date "2015.05.07"]
[Round "7.9"]
[White "Pakhomov, Alexey"]
[Black "Potapov, Alexey"]
[Result "1/2-1/2"]
[WhiteElo "2362"]
[BlackElo "2390"]
[PlyCount "46"]
[EventDate "2015.05.01"]

1. d4 Nf6 2. c4 g6 3. Nc3 Bg7 4. e4 d6 5. f3 O-O 6. Bg5 c5 7. d5 h6 8. Be3 Nbd7
9. Qd2 Kh7 10. Nh3 Ne5 11. Nf2 e6 12. Be2 exd5 13. cxd5 Re8 14. O-O Rb8 15. a4
Bd7 16. h3 g5 17. f4 gxf4 18. Bxf4 Qe7 19. Qc2 Kh8 20. Qd2 Kh7 21. Qc2 Kg8 22.
Qd2 Kh7 23. Qc2 Kg8 1/2-1/2

[Event "Team men HL chess"]
[Site "?"]
[Date "2015.05.07"]
[Round "7.9"]
[White "Pogosian, Georgy"]
[Black "Draganov, Ruslan"]
[Result "1/2-1/2"]
[WhiteElo "2232"]
[BlackElo "2193"]
[PlyCount "149"]
[EventDate "2015.05.01"]

1. d4 Nf6 2. Nf3 e6 3. e3 c5 4. c4 d5 5. Nc3 Nc6 6. a3 cxd4 7. exd4 dxc4 8.
Bxc4 Be7 9. O-O O-O 10. Be3 b6 11. Qd3 Bb7 12. Ba2 Rc8 13. Rad1 Nb8 14. Ne5 Ba6
15. Nb5 Nbd7 16. Qb3 Bb7 17. Nxf7 Rxf7 18. Qxe6 Qe8 19. Nxa7 Ra8 20. Nb5 Bf8
21. Nc7 Qxe6 22. Bxe6 Ra5 23. d5 Be7 24. g4 Bd8 25. b4 Bxc7 26. bxa5 bxa5 27.
Rc1 Bd6 28. Rfd1 Kf8 29. Rc6 Ne8 30. Bxf7 Kxf7 31. Rc3 Nef6 32. Rb3 Ba6 33. g5
Ne4 34. h4 a4 35. Rb2 Nc3 36. Rdd2 Bxa3 37. Rbc2 Bb4 38. Rd4 Ba5 39. Rxc3 Bxc3
40. Rxa4 Bb5 41. Ra3 Be5 42. Ra5 Bc4 43. h5 Be2 44. Ra7 Ke8 45. Ra8+ Ke7 46. h6
gxh6 47. gxh6 Bf3 48. Bg5+ Kd6 49. Re8 Bxd5 50. f4 Bd4+ 51. Kh2 Be6 52. Kg3 Bf5
53. Be7+ Kd5 54. Bg5 Nc5 55. Rd8+ Ke4 56. Re8+ Ne6 57. Re7 Bc3 58. Ra7 Be1+ 59.
Kg2 Bg6 60. Ra4+ Kf5 61. Kf3 Nxg5+ 62. fxg5 Kxg5 63. Ra1 Bb4 64. Rh1 Bf8 65.
Rg1+ Kxh6 66. Kg4 Kg7 67. Rg2 Be7 68. Rg1 Kf7 69. Rh1 Bd3 70. Kf4 Kg6 71. Rg1+
Kh5 72. Rh1+ Bh4 73. Rh3 Be2 74. Rh2 Bg4 75. Rh1 1/2-1/2

[Event "Team men HL chess"]
[Site "?"]
[Date "2015.05.07"]
[Round "7.9"]
[White "Romanenkov, Aleksandr"]
[Black "Parfenov, Viktor N"]
[Result "0-1"]
[WhiteElo "2123"]
[BlackElo "2224"]
[PlyCount "56"]
[EventDate "2015.05.01"]

1. e4 d6 2. d4 Nf6 3. Bd3 e5 4. d5 Be7 5. c4 O-O 6. Ne2 Nh5 7. Be3 Bg5 8. Qd2
Bxe3 9. Qxe3 f5 10. exf5 Bxf5 11. Bxf5 Rxf5 12. O-O Qh4 13. Nd2 Nd7 14. Rac1 a5
15. Ne4 Nhf6 16. N2c3 b6 17. h3 Rf8 18. Rce1 Nxe4 19. Nxe4 Nf6 20. Nxf6+ R5xf6
21. Qg3 Qh5 22. Re4 Rg6 23. Qe3 Rf3 24. Qd2 Rxh3 25. f4 Rh2 26. fxe5 Rh1+ 27.
Kf2 Rxf1+ 28. Kxf1 Qh1+ 0-1

[Event "Team men HL chess"]
[Site "?"]
[Date "2015.05.07"]
[Round "7.10"]
[White "Tukhaev, Adam"]
[Black "Musalov, Ruslan"]
[Result "1-0"]
[WhiteElo "2544"]
[BlackElo "2352"]
[PlyCount "57"]
[EventDate "2015.05.01"]

1. e4 e5 2. Nf3 Nf6 3. Nxe5 d6 4. Nf3 Nxe4 5. Nc3 Nf6 6. d4 Be7 7. Bd3 h6 8.
Ne2 Nc6 9. c3 Be6 10. O-O Qd7 11. Re1 Nh5 12. Qc2 O-O 13. Bd2 Rae8 14. b4 Bf6
15. h3 Bd8 16. c4 Bxh3 17. Nh2 Bh4 18. b5 Ne7 19. gxh3 Qxh3 20. Rf1 g5 21. Kh1
Kg7 22. Ng1 Qd7 23. Ngf3 Qh3 24. d5 Kg8 25. Rg1 Bxf2 26. Bc3 f5 27. Qxf2 f4 28.
Rxg5+ hxg5 29. Bh7+ 1-0

[Event "Team men HL chess"]
[Site "?"]
[Date "2015.05.07"]
[Round "7.10"]
[White "Nazaretyan, Tigran"]
[Black "Yandarbiev, Ruslan"]
[Result "1/2-1/2"]
[WhiteElo "2202"]
[BlackElo "2334"]
[PlyCount "109"]
[EventDate "2015.05.01"]

1. d4 Nf6 2. c4 e6 3. Nf3 d5 4. g3 Be7 5. Bg2 O-O 6. O-O c5 7. cxd5 Nxd5 8.
dxc5 Bxc5 9. Qc2 Qe7 10. Ne5 Nd7 11. Nd3 Bb6 12. Nc3 N7f6 13. Bg5 Nxc3 14. Qxc3
h6 15. Bxf6 Qxf6 16. Qxf6 gxf6 17. Rac1 Rd8 18. Rfd1 Rb8 19. e3 Kf8 20. b4 Ke7
21. Nb2 Rxd1+ 22. Rxd1 Bd7 23. Nc4 Bc7 24. Rc1 Bd8 25. Na5 Bxa5 26. bxa5 Kd6
27. Rd1+ Kc7 28. Rd4 b6 29. a6 f5 30. Rc4+ Kd6 31. Rd4+ Ke7 32. Bb7 Bc8 33. Rh4
Bxb7 34. axb7 Rxb7 35. Rxh6 b5 36. Rh8 Rb6 37. Rc8 a5 38. h4 b4 39. h5 e5 40.
Ra8 Kf6 41. Rxa5 b3 42. axb3 Rxb3 43. h6 e4 44. Ra6+ Kg5 45. Kg2 f6 46. h7 Rb8
47. Ra1 Rh8 48. Rh1 Kg6 49. g4 fxg4 50. Kg3 Rxh7 51. Rxh7 Kxh7 52. Kf4 Kg6 53.
Kxe4 f5+ 54. Kf4 Kf6 55. f3 1/2-1/2

[Event "Team men HL chess"]
[Site "?"]
[Date "2015.05.07"]
[Round "7.10"]
[White "Bimiev, Ahmad"]
[Black "Basiev, V P."]
[Result "1-0"]
[WhiteElo "1996"]
[BlackElo "2012"]
[PlyCount "85"]
[EventDate "2015.05.01"]

1. c4 f5 2. Nf3 Nf6 3. g3 g6 4. Bg2 Bg7 5. O-O O-O 6. Nc3 d6 7. d4 Nc6 8. d5
Na5 9. Qd3 e5 10. dxe6 Bxe6 11. b3 Ne4 12. Nxe4 fxe4 13. Qxe4 Qd7 14. Nd4 Bf7
15. Rb1 Rae8 16. Qd3 d5 17. cxd5 Bxd5 18. Nf5 Rxf5 19. e4 Be6 20. Qxd7 Bxd7 21.
exf5 Bxf5 22. Be3 Bxb1 23. Rxb1 Nc6 24. Bxc6 bxc6 25. Rc1 Re6 26. Bxa7 Kf7 27.
a4 Ke8 28. Bc5 Kd7 29. a5 Re2 30. a6 Ra2 31. a7 Kc8 32. Re1 Kb7 33. Re8 Rxa7
34. Bxa7 Kxa7 35. Re7 Bb2 36. Rxc7+ Kb6 37. Rxh7 Kb5 38. Rh4 c5 39. Rc4 Bd4 40.
Kg2 Kc6 41. b4 Kd5 42. Rxc5+ Bxc5 43. bxc5 1-0

[Event "Team men HL chess"]
[Site "?"]
[Date "2015.05.07"]
[Round "7.10"]
[White "Bagdasarov, Eduard"]
[Black "Movldiev, Ibragim"]
[Result "0-1"]
[WhiteElo "1970"]
[BlackElo "2054"]
[PlyCount "110"]
[EventDate "2015.05.01"]

1. e4 c5 2. Ne2 a6 3. d4 cxd4 4. Nxd4 Nf6 5. Nc3 e5 6. Nf5 d5 7. Ng3 d4 8. Nb1
Nc6 9. Bd3 Be6 10. O-O Bd6 11. c3 Qc7 12. cxd4 Nxd4 13. Ne2 Nc6 14. a3 Rd8 15.
Qc2 Na5 16. Nd2 O-O 17. b4 Qxc2 18. Bxc2 Nc4 19. Ng3 Bc7 20. Nb3 Nd7 21. Nf5
Bb6 22. Rd1 h6 23. h3 Nb8 24. Nc5 Bxc5 25. bxc5 Bxf5 26. exf5 Rxd1+ 27. Bxd1
Nd7 28. Be2 Na5 29. Be3 Nb3 30. Rd1 Nbxc5 31. Rd5 Rc8 32. Bxc5 Nxc5 33. Rxe5
Kf8 34. g4 b6 35. Rd5 Ke7 36. Bc4 f6 37. Rd1 Rc7 38. Rb1 b5 39. Re1+ Kd6 40.
Be2 Nb3 41. Rd1+ Kc5 42. Bf3 Nd4 43. Ba8 a5 44. Rc1+ Kb6 45. Rd1 Ne2+ 46. Kg2
Nc3 47. Rd6+ Kc5 48. Ra6 a4 49. Re6 Kc4 50. Rb6 Nb1 51. Bd5+ Kc5 52. Rb8 Nxa3
53. Be6 Nc4 54. f4 Ra7 55. Bc8 a3 0-1